000 00371nam a2200145Ia 4500
008 240624s9999 xx 000 0 und d
041 _aeng
082 _a330.015195 END
100 _aENDERS WALTER
245 _aAPPLIED ECONOMETRIC TIME SERIES
250 _a(2nd ed.)
260 _c2007
_aNew Delhi
_bWiley India
300 _axiv, , 460 , 25 , np. : cm.
365 _c
_b30
999 _c6780
_d6780